| 000 | 00704nam a22001577a 4500 | ||
|---|---|---|---|
| 003 | OSt | ||
| 005 | 20151021152548.0 | ||
| 008 | 151021b xxu||||| |||| 00| 0 eng d | ||
| 040 | _cRUA | ||
| 082 | _aAVM MAK 2011 B099 Or.1 | ||
| 100 |
_92646 _aMAK, LEAKENA. |
||
| 245 | _aUse of differnt leaves of protein on growth performance of quail at rua, ការប្រើប្រាស់កំរិតប្រូតេអ៊ីនផ្សេងៗគ្នាលើការលូតលាស់របស់ក្រូចនៅសាកលវិទ្យាល័យភូមិន្ទកសិកម្ម | ||
| 260 |
_aPhnom Penh _bRUA _c2011 |
||
| 300 |
_aix; 44p. _bill. _c29cm. |
||
| 942 |
_2ddc _cATMSP |
||
| 999 |
_c2484 _d2484 |
||